[Event "Hastings Masters op"]
[Site "Hastings"]
[Date "2023.01.02"]
[Round "6"]
[White "Ortiz Sanchez, Luis"]
[Black "Zimmermann, Klemens"]
[Result "0-1"]
[WhiteElo "1895"]
[BlackElo "2247"]
[PlyCount "124"]
[EventDate "2022.12.28"]
[EventType "swiss"]
[EventRounds "10"]
[EventCountry "ENG"]
[SourceTitle "CBM 212 Extra"]
[Source "ChessBase"]
[SourceDate "2023.03.31"]
[SourceVersion "1"]
[SourceVersionDate "2023.03.31"]
[SourceQuality "1"]

1. e4 c5 2. c3 Nf6 3. e5 Nd5 4. Nf3 e6 5. d4 cxd4 6. cxd4 b6 7. Bd2 Be7 8. h4 Nc6 9. Nc3 Nxc3 10. Bxc3 Nb4 11. Bxb4 Bxb4+ 12. Nd2 Bb7 13. a3 Be7 14. Qg4 Bf8 15. Bd3 f5 16. Qg3 g6 17. 0-0 Be7 18. Nc4 Kf8 19. Qe3 Bxh4 20. Nd6 Bd5 21. Qh6+ Kg8 22. Ba6 Be7 23. Qe3 Qb8 24. Nc8 Bf8 25. Rac1 Bb7 26. Qe2 Bh6 27. Rc3 Kg7 28. Nd6 Bd5 29. Qc2 Rd8 30. b4 Bg5 31. b5 Be7 32. Rc7 Bc6 33. Rc8 Rxc8 34. Nxc8 Bxb5 35. Bxb5 Qxc8 36. Qa4 Qc3 37. Bxd7 Rd8 38. Qxa7 Qxd4 39. Bxe6 Kf8 40. Qc7 Qc5 41. Qxc5 Bxc5 42. a4 Re8 43. Bd7 Rxe5 44. Bb5 Rd5 45. Re1 f4 46. Kf1 g5 47. Be2 Rd2 48. Ra1 Rb2 49. f3 Kg7 50. Ke1 Be3 51. Kf1 Kh6 52. Ke1 Kh5 53. Rd1 Kh4 54. Rd6 Kg3 55. Kf1 Ra2 56. Rd5 h6 57. Bb5 Rf2+ 58. Ke1 Rxg2 59. Bc6 g4 60. fxg4 f3 61. Bb5 Rg1+ 62. Bf1 Bf2+ 0-1

[Event "Gotha op 8th"]
[Site "Gotha"]
[Date "2006.11.14"]
[Round "3"]
[White "Kurenkov, Nikolai"]
[Black "Zimmermann, Klemens"]
[Result "1-0"]
[WhiteElo "2447"]
[BlackElo "2276"]
[PlyCount "129"]
[EventDate "2006.11.13"]
[EventType "swiss"]
[EventRounds "9"]
[EventCountry "GER"]
[SourceTitle "EXT 2008"]
[Source "ChessBase"]
[SourceDate "2007.11.25"]
[SourceVersion "1"]
[SourceVersionDate "2007.11.25"]
[SourceQuality "1"]

1. e4 c5 2. Nf3 d6 3. d4 cxd4 4. Nxd4 Nf6 5. Nc3 a6 6. Be3 e5 7. Nb3 Be6 8. f4 exf4 9. Bxf4 Nc6 10. Qe2 Be7 11. h3 Bxb3 12. axb3 Nd4 13. Qf2 Ne6 14. Be3 Nc5 15. Qf3 0-0 16. Be2 Qe8 17. 0-0 Bd8 18. Bf4 Ncxe4 19. Nxe4 Qxe4 20. Qxe4 Nxe4 21. Bc4 Bb6+ 22. Kh2 g5 23. Rae1 gxf4 24. Rxe4 Be3 25. Re7 b5 26. Bd5 Rac8 27. c3 Rc5 28. Rd1 b4 29. Bc4 bxc3 30. bxc3 Bf2 31. Rd3 Bg3+ 32. Kg1 Ra5 33. Rd1 Ra2 34. Re2 Rxe2 35. Bxe2 a5 36. Kf1 Re8 37. b4 axb4 38. cxb4 Rb8 39. b5 Rb6 40. Ra1 Kg7 41. Ra6 Rb8 42. b6 d5 43. Bf3 Re8 44. Ra1 d4 45. b7 d3 46. Bc6 Rb8 47. Bf3 Re8 48. Bc6 Rb8 49. Ra4 Kf6 50. Rd4 f3 51. gxf3 Be5 52. Rxd3 Rg8 53. Kf2 Bg3+ 54. Ke3 Bb8 55. Ke4 Ke7 56. Rd7+ Ke6 57. Rd5 Rg1 58. Rh5 f5+ 59. Kd3 Kd6 60. Bb5 Kc7 61. Rxh7+ Kb6 62. Bc4 Rd1+ 63. Ke2 Rd4 64. Be6 f4 65. Bf5 1-0

[Event "Gotha op 8th"]
[Site "Gotha"]
[Date "2006.11.13"]
[Round "2"]
[White "Hillmann, Ralf"]
[Black "Zimmermann, Klemens"]
[Result "0-1"]
[WhiteElo "1963"]
[BlackElo "2276"]
[PlyCount "72"]
[EventDate "2006.11.13"]
[EventType "swiss"]
[EventRounds "9"]
[EventCountry "GER"]
[SourceTitle "EXT 2008"]
[Source "ChessBase"]
[SourceDate "2007.11.25"]
[SourceVersion "1"]
[SourceVersionDate "2007.11.25"]
[SourceQuality "1"]

1. d4 d5 2. Nf3 Nf6 3. c4 c6 4. Nc3 dxc4 5. a4 Bf5 6. Bg5 Nbd7 7. e3 Qb6 8. Qd2 Ne4 9. a5 Nxd2 10. axb6 Nxf3+ 11. gxf3 Nxb6 12. e4 Bd7 13. Bf4 e6 14. Bc7 Nc8 15. Bxc4 Bd6 16. Bxd6 Nxd6 17. Bd3 f5 18. Kd2 Kf7 19. Rhg1 Rhd8 20. Rg2 Be8 21. Ne2 c5 22. e5 Nb5 23. dxc5 Rd5 24. Rag1 g6 25. f4 Rad8 26. Rg3 Rxc5 27. h4 Nc7 28. h5 Kg7 29. b4 Rcd5 30. hxg6 Bxg6 31. Rc1 R8d7 32. Rc4 Nb5 33. Ng1 Rc7 34. Rxc7+ Nxc7 35. Nf3 Kf8 36. Ng5 Rd4 0-1

[Event "Bad Ems op"]
[Site "Bad Ems"]
[Date "2006.03.10"]
[Round "8"]
[White "Zimmermann, Klemens"]
[Black "Chetverik, Maxim"]
[Result "1-0"]
[WhiteElo "2276"]
[BlackElo "2303"]
[PlyCount "69"]
[EventDate "2006.03.04"]
[EventType "swiss"]
[EventRounds "9"]
[EventCountry "GER"]
[SourceTitle "EXT 2007"]
[Source "ChessBase"]
[SourceDate "2006.11.23"]
[SourceVersion "1"]
[SourceVersionDate "2006.11.23"]
[SourceQuality "1"]

1. d4 f5 2. g3 Nf6 3. Bg2 e6 4. Nf3 Be7 5. 0-0 0-0 6. c4 d5 7. Bf4 c6 8. Nbd2 Qe8 9. Rb1 Ne4 10. Qc2 Nd7 11. Nxe4 fxe4 12. Ne5 Bf6 13. f3 g5 14. Be3 Bxe5 15. dxe5 Nxe5 16. fxe4 Nxc4 17. Bc5 Rxf1+ 18. Rxf1 Bd7 19. b3 Ne5 20. Rf8+ Qxf8 21. Bxf8 Rxf8 22. Qc5 Ng4 23. Qxa7 Bc8 24. Qc5 Nf2 25. Bf3 Nh3+ 26. Kg2 e5 27. g4 Nf4+ 28. Kg3 Be6 29. Qe7 h6 30. e3 Rf7 31. Qd8+ Rf8 32. Qd6 dxe4 33. Bxe4 Ne2+ 34. Kg2 Rf6 35. Qe7 1-0

[Event "Bad Ems op"]
[Site "Bad Ems"]
[Date "2006.03.04"]
[Round "1"]
[White "Zimmermann, Klemens"]
[Black "Kap, Joerg"]
[Result "1-0"]
[WhiteElo "2276"]
[BlackElo "2029"]
[PlyCount "39"]
[EventDate "2006.03.04"]
[EventType "swiss"]
[EventRounds "9"]
[EventCountry "GER"]
[SourceTitle "EXT 2007"]
[Source "ChessBase"]
[SourceDate "2006.11.23"]
[SourceVersion "1"]
[SourceVersionDate "2006.11.23"]
[SourceQuality "1"]

1. d4 f5 2. g3 e6 3. Bg2 Nf6 4. Nf3 d6 5. 0-0 Nbd7 6. Nc3 h6 7. e4 fxe4 8. Nh4 g5 9. Ng6 Rg8 10. Nxf8 Nxf8 11. Nxe4 N8h7 12. Re1 Rb8 13. c4 Kf8 14. f4 Nxe4 15. Bxe4 Nf6 16. fxg5 hxg5 17. Rf1 Ke7 18. Rxf6 Kxf6 19. Qh5 Ke7 20. Qh7+ 1-0

[Event "Oberliga Sued W 0304"]
[Site "Germany"]
[Date "2004.02.15"]
[Round "6.3"]
[White "Zimmermann, Klemens"]
[Black "Scherer, Ralf"]
[Result "1-0"]
[WhiteElo "2257"]
[BlackElo "2229"]
[PlyCount "123"]
[EventDate "2003.10.12"]
[EventType "team"]
[EventRounds "9"]
[EventCountry "GER"]
[SourceTitle "EXT 2006"]
[Source "ChessBase"]
[SourceDate "2005.11.24"]
[SourceVersion "1"]
[SourceVersionDate "2005.11.24"]
[SourceQuality "1"]
[WhiteTeam "Siershahn"]
[BlackTeam "Illingen"]
[WhiteTeamCountry "GER"]
[BlackTeamCountry "GER"]

1. d4 d6 2. e4 Nf6 3. f3 g6 4. Be3 Bg7 5. Ne2 a6 6. Ng3 b6 7. Nc3 0-0 8. Qd2 c5 9. Rd1 cxd4 10. Bxd4 Nc6 11. Be3 Be6 12. Bh6 Ne5 13. h4 Bh8 14. Bxf8 Qxf8 15. h5 b5 16. hxg6 fxg6 17. Nce2 Rc8 18. Nd4 Bf7 19. b3 Bg7 20. Be2 Ned7 21. c3 h5 22. Bd3 Nc5 23. Bb1 Bh6 24. Qb2 e5 25. Nde2 Qe7 26. Bc2 Kg7 27. Bd3 Rh8 28. c4 b4 29. Bb1 Bg5 30. Nc1 Nfd7 31. Qf2 Be6 32. Nd3 a5 33. Nxc5 Nxc5 34. Nf1 h4 35. Ne3 Bf4 36. Ke2 Bg3 37. Qg1 Rf8 38. Nf1 Bf4 39. g3 Bg5 40. gxh4 Bf4 41. Ne3 Kh7 42. Qg2 a4 43. Rhg1 Rg8 44. Nd5 Bxd5 45. exd5 e4 46. Bxe4 Nxe4 47. fxe4 Qf6 48. bxa4 Rf8 49. Rb1 Bh2 50. Rgf1 Bf4 51. Qf3 Qe5 52. Rxb4 Bh6 53. Rb7+ Kg8 54. Qg2 Qh5+ 55. Kd3 Rf4 56. Rxf4 Bxf4 57. Kc2 g5 58. hxg5 Qh4 59. Rb1 Be5 60. Rh1 Qf4 61. Rf1 Qh4 62. Qf3 1-0

[Event "Oberliga Sued W 0304"]
[Site "Germany"]
[Date "2004.01.18"]
[Round "5.3"]
[White "Dauenheimer, Torsten"]
[Black "Zimmermann, Klemens"]
[Result "0-1"]
[WhiteElo "2222"]
[BlackElo "2257"]
[PlyCount "95"]
[EventDate "2003.10.12"]
[EventType "team"]
[EventRounds "9"]
[EventCountry "GER"]
[SourceTitle "EXT 2006"]
[Source "ChessBase"]
[SourceDate "2005.11.24"]
[SourceVersion "1"]
[SourceVersionDate "2005.11.24"]
[SourceQuality "1"]
[WhiteTeam "Mutterstadt"]
[BlackTeam "Siershahn"]
[WhiteTeamCountry "GER"]
[BlackTeamCountry "GER"]

1. d4 d5 2. c4 e6 3. Nc3 b6 4. Nf3 Bb7 5. cxd5 exd5 6. g3 a6 7. Bg2 Bd6 8. 0-0 Nd7 9. Nh4 Ndf6 10. Qb3 Ne4 11. Nxe4 dxe4 12. Nf5 Bf8 13. Qc2 Nf6 14. Bg5 g6 15. Bxf6 Qxf6 16. Qxc7 gxf5 17. Qxb7 Rd8 18. Qxa6 Bd6 19. Qb5+ Kf8 20. e3 h5 21. h4 Rg8 22. Rac1 f4 23. exf4 e3 24. fxe3 Rxg3 25. Rf3 Qxh4 26. Rxg3 Qxg3 27. Qe2 Re8 28. Rc3 Bb4 29. Rb3 Rc8 30. Rd3 Rc1+ 31. Rd1 Rxd1+ 32. Qxd1 Qxe3+ 33. Kh1 Qxf4 34. Qxh5 Qc1+ 35. Kh2 Bd6+ 36. Kh3 Qe3+ 37. Bf3 Qd2 38. Qh8+ Ke7 39. Qh4+ Kd7 40. Qg4+ Kc7 41. Bg2 Qh6+ 42. Qh4 Qe3+ 43. Kg4 Qxd4+ 44. Kh3 Qd3+ 45. Kg4 f5+ 46. Kh5 Qe2+ 47. Kg6 Qxg2+ 48. Kxf5 0-1

[Event "Oberliga Sued W 0304"]
[Site "Germany"]
[Date "2003.11.23"]
[Round "3.3"]
[White "Becker, Marc"]
[Black "Zimmermann, Klemens"]
[Result "1-0"]
[WhiteElo "2391"]
[BlackElo "2257"]
[PlyCount "71"]
[EventDate "2003.10.12"]
[EventType "team"]
[EventRounds "9"]
[EventCountry "GER"]
[SourceTitle "EXT 2006"]
[Source "ChessBase"]
[SourceDate "2005.11.24"]
[SourceVersion "1"]
[SourceVersionDate "2005.11.24"]
[SourceQuality "1"]
[WhiteTeam "Trier"]
[BlackTeam "Siershahn"]
[WhiteTeamCountry "GER"]
[BlackTeamCountry "GER"]

1. c4 e5 2. g3 Nf6 3. Bg2 d5 4. cxd5 Nxd5 5. Nf3 Bd6 6. 0-0 0-0 7. d3 c6 8. Nbd2 Bc7 9. b3 Bg4 10. Bb2 Re8 11. Qc2 Re6 12. h3 Bh5 13. a3 Nd7 14. Rfe1 N5b6 15. Rac1 f5 16. b4 Bf7 17. b5 Rc8 18. bxc6 Rxc6 19. Qb1 Rxc1 20. Rxc1 Na4 21. Ba1 Bb6 22. Nxe5 Nxe5 23. Bxe5 h6 24. Rxc8 Qxc8 25. e3 Nc3 26. Qa1 Ba5 27. Kh2 Nb5 28. Nc4 Bxc4 29. dxc4 Qxc4 30. Bxg7 Nc3 31. Bxh6 Qe2 32. Kg1 Kh7 33. Bf4 Nd1 34. Qf6 Qxf2+ 35. Kh1 Bb6 36. Qh6+ 1-0

[Event "Oberliga Sued W 0102"]
[Site "Germany"]
[Date "2002.03.17"]
[Round "?"]
[White "Hetzer, Volkhard"]
[Black "Zimmermann, Klemens"]
[Result "1/2-1/2"]
[WhiteElo "2150"]
[BlackElo "2265"]
[PlyCount "103"]
[EventDate "2001.10.09"]
[EventType "team"]
[EventRounds "9"]
[EventCountry "GER"]
[SourceTitle "EXT 2003"]
[Source "ChessBase"]
[SourceDate "2002.11.25"]
[SourceVersion "1"]
[SourceVersionDate "2002.11.25"]
[SourceQuality "1"]

1. d4 d5 2. c4 e6 3. Nc3 Nf6 4. Nf3 c6 5. g3 Nbd7 6. Bg2 dxc4 7. a4 Bb4 8. Qc2 0-0 9. 0-0 Re8 10. Rd1 Qc7 11. Bf4 Bd6 12. Bxd6 Qxd6 13. e4 Qb8 14. e5 Nd5 15. Ne4 b5 16. Nd6 Re7 17. Ng5 Nf8 18. Be4 f5 19. exf6 gxf6 20. Nxc8 Qxc8 21. Nf3 f5 22. Bxd5 cxd5 23. axb5 Rb8 24. Ra5 Qe8 25. Rda1 Rxb5 26. Rxa7 Rxa7 27. Rxa7 Qb8 28. Ra2 Rb7 29. Ne5 Ng6 30. Nf3 Ra7 31. Rxa7 Qxa7 32. Qe2 Nf8 33. Kg2 h6 34. Qd2 Qg7 35. Qe1 Qg4 36. Qe5 Kh7 37. h3 Qg7 38. Qd6 Ng6 39. Kh2 Qe7 40. Qc6 Kg7 41. Kg2 Kf6 42. Qb6 Qf8 43. Kh2 Qc8 44. Kg2 Nh8 45. Ne5 Nf7 46. Nxf7 Kxf7 47. Qa7+ Kf6 48. Qh7 Qf8 49. Qc7 Qb4 50. Qe5+ Kf7 51. Qc7+ Kf6 52. Qe5+ 1/2-1/2

[Event "Oberliga Sued W 0102"]
[Site "Germany"]
[Date "2002.02.24"]
[Round "?"]
[White "Berresheim, Helmut"]
[Black "Zimmermann, Klemens"]
[Result "1-0"]
[WhiteElo "2206"]
[BlackElo "2265"]
[PlyCount "55"]
[EventDate "2001.10.09"]
[EventType "team"]
[EventRounds "9"]
[EventCountry "GER"]
[SourceTitle "EXT 2003"]
[Source "ChessBase"]
[SourceDate "2002.11.25"]
[SourceVersion "1"]
[SourceVersionDate "2002.11.25"]
[SourceQuality "1"]

1. d4 Nf6 2. c4 e6 3. Nf3 d5 4. Nc3 c6 5. e3 Be7 6. Qc2 0-0 7. Be2 Nbd7 8. b3 a6 9. 0-0 b5 10. Ne5 Bb7 11. f4 b4 12. Na4 c5 13. Rd1 Rc8 14. Bb2 Qa5 15. Bd3 Rfd8 16. Nxd7 Rxd7 17. Nxc5 Bxc5 18. dxc5 dxc4 19. bxc4 Qxc5 20. Bxf6 Qxe3+ 21. Kh1 Rxd3 22. Rxd3 Qxf4 23. Rd8+ Rxd8 24. Bxd8 Be4 25. Qe2 f5 26. Rd1 g5 27. Qd2 Qg4 28. Qxg5+ 1-0

[Event "Oberliga Sued W 0102"]
[Site "Germany"]
[Date "2001.12.16"]
[Round "?"]
[White "Zimmermann, Klemens"]
[Black "Scheuermann, Gerhard"]
[Result "1-0"]
[WhiteElo "2265"]
[BlackElo "2117"]
[PlyCount "143"]
[EventDate "2001.10.09"]
[EventType "team"]
[EventRounds "9"]
[EventCountry "GER"]
[SourceTitle "EXT 2003"]
[Source "ChessBase"]
[SourceDate "2002.11.25"]
[SourceVersion "1"]
[SourceVersionDate "2002.11.25"]
[SourceQuality "1"]

1. d4 c5 2. d5 Nf6 3. c4 d6 4. Nc3 g6 5. e4 Bg7 6. Be2 0-0 7. Bf4 a6 8. a4 Qa5 9. Bd2 Qc7 10. Nf3 e6 11. h3 exd5 12. exd5 Re8 13. 0-0 Nbd7 14. Bg5 Ne5 15. Nxe5 Rxe5 16. f4 Re7 17. Bd3 h6 18. Bh4 Bd7 19. Ne4 Rxe4 20. Bxf6 Re3 21. Bxg7 Kxg7 22. f5 Rae8 23. fxg6 fxg6 24. Qc2 Bf5 25. Bxf5 gxf5 26. Rxf5 Qe7 27. Raf1 Re1 28. Qc3+ Kh7 29. Rxe1 Qxe1+ 30. Qxe1 Rxe1+ 31. Kf2 Re4 32. Rf7+ Kg6 33. Rxb7 Rxc4 34. Rb6 Rxa4 35. Rxd6+ Kg7 36. Rc6 Ra2 37. Rb6 a5 38. d6 Kf7 39. Rb7+ Ke8 40. Ke3 Ra4 41. Ra7 h5 42. b3 Rb4 43. Rxa5 Rxb3+ 44. Ke4 Kd7 45. Rxc5 Kxd6 46. Rxh5 Rg3 47. Rd5+ Ke6 48. Rd2 Kf6 49. Kf4 Rg8 50. g4 Ra8 51. Rd6+ Kg7 52. Kg5 Ra5+ 53. Kh4 Rb5 54. g5 Rb3 55. Kg4 Rb4+ 56. Kh5 Rb7 57. h4 Ra7 58. Rd4 Kh7 59. Kg4 Rb7 60. h5 Ra7 61. h6 Kg6 62. Rd6+ Kh7 63. Kh5 Ra5 64. Re6 Rb5 65. Re7+ Kg8 66. Kg6 Rb6+ 67. Kf5 Rb5+ 68. Re5 Rb1 69. Kf6 Rf1+ 70. Rf5 Rh1 71. Kg6 Rh2 72. h7+ 1-0

[Event "BL2-West 9900"]
[Site "Germany"]
[Date "2000.01.09"]
[Round "4.3"]
[White "Kalka, Arkadius Georg"]
[Black "Zimmermann, Klemens"]
[Result "1-0"]
[WhiteElo "2376"]
[BlackElo "2229"]
[PlyCount "95"]
[EventDate "1999.10.10"]
[EventType "team-tourn"]
[EventRounds "9"]
[EventCountry "GER"]
[SourceTitle "CBM 074 Extra"]
[Source "ChessBase"]
[SourceDate "2000.03.10"]
[SourceVersion "2"]
[SourceVersionDate "2000.03.10"]
[SourceQuality "1"]
[WhiteTeam "Gelsenkirchen"]
[BlackTeam "Siershahn"]
[WhiteTeamCountry "GER"]
[BlackTeamCountry "GER"]

1. d4 d5 2. Bg5 c6 3. Nf3 Nd7 4. e3 Ngf6 5. Bd3 e6 6. 0-0 Bd6 7. c4 h6 8. Bh4 0-0 9. Nc3 Re8 10. Qc2 Qa5 11. c5 Bb8 12. Rfb1 g5 13. Bg3 Bxg3 14. hxg3 e5 15. e4 exd4 16. b4 Qd8 17. Nxd4 dxe4 18. Bxe4 Nxc5 19. Nxc6 bxc6 20. Bxc6 Nb7 21. Bxe8 Qxe8 22. a4 Nd6 23. Qd3 Qc6 24. b5 Qc5 25. Rd1 Nde8 26. Ne4 Qf5 27. Nxf6+ Nxf6 28. Rac1 Ne4 29. f3 Nxg3 30. Qxf5 Bxf5 31. Kf2 Nh5 32. g4 Nf4 33. gxf5 Re8 34. Rd2 h5 35. a5 h4 36. Rb1 h3 37. Kg3 Kg7 38. b6 axb6 39. axb6 Kf6 40. b7 Rb8 41. Rc2 h2 42. Kxh2 Rh8+ 43. Kg1 Nh3+ 44. Kf1 Nf4 45. b8Q Rh1+ 46. Kf2 Rh2+ 47. Ke3 Rxc2 48. Qd8+ 1-0